000 01043 a2200241 4500
005 2008091205475.0
008 080912t xxu||||| |||| 00| 0 hin d
010 _aHIN-79840
020 _c100.00
_a8188815241
035 _aHN-52186
037 _bD.B.Act / pub
082 _a821
100 _aसूरजपाल सिंह 'सूरज'
245 _aगीत गंगा
_cसूरजपाल सिंह 'सूरज'
246 _aGeet Ganga
_bby Suraj Pal Singh 'Suraj'
260 _aदिल्ली
_bकवि सभा
_c2007
270 _a30/106,गली नं.7,विश्वास नगर,शाहदरा
_bदिल्ली
_e110032
300 _a96पृ.
_c22 सेमी (सजिल्द)
650 _aहिन्दी कविताएँ
650 _aHindi Poems
942 _adpl
_cHN
_k821 / सूरज
_2ddc
_h821
_mसूरज
999 _c3851
_d3851